[Event "BRA-ch U26 (Women)"]
[Site "Goiania"]
[Date "2017.10.22"]
[Round "7"]
[White "Da Silva, Marjana Augusta Pin"]
[Black "Matsunaga, Lange Cristina"]
[Result "1-0"]
[WhiteElo "1798"]
[BlackElo "1445"]
[PlyCount "83"]
[EventDate "2017.10.19"]
[EventType "swiss"]
[EventRounds "7"]
[EventCountry "BRA"]
[SourceTitle "CBM 181 Extra"]
[Source "ChessBase"]
[SourceDate "2017.12.12"]
[SourceVersion "1"]
[SourceVersionDate "2017.12.12"]
[SourceQuality "1"]

1. d4 d5 2. c4 dxc4 3. Nc3 h6 4. e3 Be6 5. d5 Bf5 6. Bxc4 e6 7. Qa4+ Nd7 8. Nf3 exd5 9. Bxd5 c6 10. Be4 Bxe4 11. Nxe4 Ngf6 12. 0-0 b5 13. Qc2 c5 14. a3 Be7 15. Rd1 Qc7 16. h3 0-0 17. Bd2 Rfe8 18. Bc3 Nxe4 19. Qxe4 Bf6 20. Qc2 b4 21. Bxf6 Nxf6 22. axb4 Rac8 23. bxc5 Qb7 24. Rac1 a5 25. Rd3 Ne4 26. c6 Qc7 27. Rd7 Qb6 28. Qc4 Re6 29. Nd4 Rf6 30. f3 Nd6 31. Qd5 Ne8 32. Qe5 Nc7 33. Nf5 Kh8 34. Ne7 Re8 35. Rxc7 Re6 36. Nc8 Qb8 37. Qxa5 Rxc8 38. Rxc8+ Qxc8 39. Qb6 g5 40. Qb7 Qe8 41. c7 Kg7 42. c8Q 1-0

[Event "BRA-ch U26 (Women)"]
[Site "Goiania"]
[Date "2017.10.19"]
[Round "1"]
[White "Rodrigues, Vanessa Ketlyn Sous"]
[Black "Da Silva, Marjana Augusta Pin"]
[Result "1-0"]
[WhiteElo "1756"]
[BlackElo "1798"]
[PlyCount "111"]
[EventDate "2017.10.19"]
[EventType "swiss"]
[EventRounds "7"]
[EventCountry "BRA"]
[SourceTitle "CBM 181 Extra"]
[Source "ChessBase"]
[SourceDate "2017.12.12"]
[SourceVersion "1"]
[SourceVersionDate "2017.12.12"]
[SourceQuality "1"]

1. e4 c5 2. Nf3 d6 3. d4 cxd4 4. Nxd4 Nf6 5. Nc3 e6 6. Bc4 Be7 7. Be3 0-0 8. Bb3 a6 9. f3 Nc6 10. 0-0 Bd7 11. a3 Qc7 12. f4 e5 13. fxe5 Nxe5 14. Bg5 Qd8 15. Kh1 Nfg4 16. Bf4 Bg5 17. Qd2 Bxf4 18. Qxf4 Nf6 19. Nf3 Nh5 20. Qd2 Bg4 21. Nxe5 dxe5 22. Nd5 Qh4 23. Qf2 Qxf2 24. Rxf2 Nf6 25. Nxf6+ gxf6 26. Rxf6 Rad8 27. Raf1 Be2 28. Re1 Rd1 29. Rxd1 Bxd1 30. Rd6 Bg4 31. h3 Bc8 32. Kg1 Re8 33. Kf2 Kg7 34. Rb6 Re7 35. Bd5 Rc7 36. c4 f6 37. Ke3 Kg6 38. b4 h6 39. c5 Kg5 40. c6 bxc6 41. Rxc6 Rxc6 42. Bxc6 Be6 43. Bd5 Bd7 44. Bc4 Bc8 45. a4 Kh4 46. Kf3 Kg5 47. g3 Bb7 48. b5 a5 49. Bd5 Bc8 50. b6 Ba6 51. b7 Bxb7 52. Bxb7 Kg6 53. Ke3 Kf7 54. Kd3 Ke7 55. Kc4 Kd7 56. Kb5 1-0

[Event "Natal U15 op"]
[Site "Natal"]
[Date "2013.11.10"]
[Round "5"]
[White "Da Silva, Marjana Augusta Pin"]
[Black "Ribeiro, Poliana Ponciano"]
[Result "1-0"]
[WhiteElo "1798"]
[BlackElo "1800"]
[PlyCount "123"]
[EventDate "2013.11.08"]
[EventType "swiss"]
[EventRounds "5"]
[EventCountry "BRA"]
[SourceTitle "EXT 2016"]
[Source "ChessBase"]
[SourceDate "2015.10.08"]
[SourceVersion "1"]
[SourceVersionDate "2015.10.08"]
[SourceQuality "1"]

1. d4 f5 2. c4 Nf6 3. Bg5 d5 4. Bxf6 exf6 5. e3 dxc4 6. Bxc4 Nc6 7. Qb3 Qd7 8. Nc3 Bb4 9. d5 Bxc3+ 10. Qxc3 Qd6 11. dxc6 f4 12. exf4 Qxf4 13. Qe3+ Qxe3+ 14. fxe3 bxc6 15. Nf3 Bb7 16. 0-0 c5 17. Bb5+ c6 18. Bc4 0-0-0 19. Rad1 Rde8 20. Rd3 Re7 21. Nd2 Rhe8 22. Re1 f5 23. Kf2 g5 24. g3 Rf8 25. Nf3 f4 26. gxf4 gxf4 27. exf4 Ref7 28. Bxf7 Rxf7 29. Rde3 Rd7 30. Ne5 Rd2+ 31. R3e2 Rxe2+ 32. Rxe2 Ba6 33. Re1 Kc7 34. f5 Bc8 35. f6 Be6 36. f7 Bxf7 37. Nxf7 Kd7 38. Ng5 h5 39. Re5 Kd6 40. Rf5 c4 41. Ra5 c5 42. Ne4+ Kd5 43. Nxc5 Kd4 44. Ne6+ Kd3 45. Rxh5 c3 46. bxc3 Kxc3 47. Rf5 Kb2 48. Ra5 Kc3 49. h4 Kb4 50. Rxa7 Kb5 51. h5 Kb6 52. Ra4 Kc6 53. h6 Kd7 54. h7 Kxe6 55. h8Q Kd6 56. Ra5 Kc6 57. Qf6+ Kb7 58. Qe7+ Kc6 59. Qc5+ Kd7 60. Ra6 Kd8 61. Ra7 Ke8 62. Qe7# 1-0